000 00639nam a22001937a 4500
999 _c188438
_d188438
005 20220523123741.0
010 _aUR-11570
020 _c50.00
_a9789390866335
035 _aU-10125
037 _bDBAD/PUB
_a-
082 _a920
_2Ist
100 _aبيگ ا حسا س
245 _aجا ں نثا ر ا ختر
_c بيگ ا حسا س
_hا ر د و
246 _bJan Nisar Akhtar (Urdu)
_aby Beg Ahsas
260 _aNew delhi
_bSahitya Akademi
_c2021 ء
270 _aRavinder Bhawan ,35 Firoz Shah Road,
_bNew Delhi
_e110001
_k23386626
_l-
300 _a104 ص
_c22 Cm(Hb)
942 _2ddc
_cUR
_h920
_mب ے گ